00322nam a22001337a 4500003000700000005001700007008004100024082001900065100001100084245002800095260004000123300000800163650001700171MPLRDC20220104114546.0210129b ||||| |||| 00| 0 eng d a868.71 LLX c.2 a不详 a李禄祥纪念文集c ab留台师范大学校友会c1983 b平 a马华文学